La conducta empresaria (Registro nro. 2305)

Detalles MARC
000 -LEADER
fixed length control field 01351 a2200205 4500
001 - CONTROL NUMBER
control field 32898
005 - DATE AND TIME OF LATEST TRANSACTION
control field 20260407155624.0
008 - FIXED-LENGTH DATA ELEMENTS--GENERAL INFORMATION
fixed length control field 260407a1971 arg spa d
003 - CONTROL NUMBER IDENTIFIER
control field AR-UNSa-BCEJYS
040 ## - CATALOGING SOURCE
Original cataloging agency AR-UNSa-BCEJYS
Language of cataloging spa
Transcribing agency AR-UNSa-BCEJYS
080 ## - UNIVERSAL DECIMAL CLASSIFICATION NUMBER
Universal Decimal Classification number 658
Common auxiliary subdivision Administración de empresas. Organización comercial
100 1# - MAIN ENTRY--PERSONAL NAME
Personal name Molina, Osvaldo
245 10 - TITLE STATEMENT
Title La conducta empresaria
Name of part/section of a work estudios interdisciplinarios
264 #1 - PRODUCTION, PUBLICATION, DISTRIBUTION, MANUFACTURE, AND COPYRIGHT NOTICE
Place of production, publication, distribution, manufacture Buenos Aires :
Name of producer, publisher, distributor, manufacturer Hobbs
Date of production, publication, distribution, manufacture, or copyright notice 1971
300 ## - PHYSICAL DESCRIPTION
Extent 268 p.
Dimensions 20 cm.
505 ## - FORMATTED CONTENTS NOTE
Formatted contents note 1. Introducción - 2. Críticas al valor del beneficio como motivación en las teorías de la conducta empresaria - 3. Teorías de la conducta empresaria a partir de las ciencias físicas - 4. La teoría de la organización y la conducta empresaria - 5. La teoría de los gráficos como métodos para explorar la conducta empresaria - 6. Teorías de la incertidumbre, de las expectativas y del riego - 7. Programación matemática - 8. La teoría de los juegos y la conducta de la empresa - 9. Preparación, motivación y conducta de la empresa - 10. La teoría del campo y la conducta empresaria - 11. Enfoque cultural de la conducta de la empresa - 12. ¿Cómo debería comportarse la empresa? - 13. Enfoque conductista de la teoría de la empresa.
590 ## - LOCAL NOTE (RLIN)
Local note niveau_biblio:m niveau_hierar:0
700 1# - ADDED ENTRY--PERSONAL NAME
Personal name McGuire, Joseph W.
942 ## - ADDED ENTRY ELEMENTS (KOHA)
Koha item type
Existencias
Withdrawn status Lost status Damaged status Not for loan Home library Current library Shelving location Date acquired Total checkouts Full call number Barcode Date last seen Price effective from Koha item type
        Biblioteca Prof. Eusebio Cleto del Rey Biblioteca Prof. Eusebio Cleto del Rey   07/04/2026   658 M478 L24691 07/04/2026 07/04/2026 Libro
        Biblioteca Prof. Eusebio Cleto del Rey Biblioteca Prof. Eusebio Cleto del Rey   07/04/2026   658 M478 L24690 07/04/2026 07/04/2026 Libro